000 00813nam a2200265Ia 4500
003 OSt
005 20220923224940.0
006 a|||||r|||| 00| 0
007 ta
008 220922b |||||||| |||| 00| 0 hin d
024 _a254,118
037 _cTextual
040 _aARTS
_cARTS
_bhin
041 _2hin
_ahin
082 _aO152,3N256,SP, J9;L9
100 _aअमरकान्त
_9156277
245 0 _aसूखा पत्ता
246 _aSūkhā pattā
250 _aसंस्क 2
260 _aदिल्ली
_b प्रकाशन संस्थान
_c1979
300 _a247पृ.
_ccm.
650 _aहिन्दी साहित्य
_9156264
942 _hO152,3N256,SP, J9;L9
_cTEXL
_2CC
999 _c374886
_d374886